| 000 | 00822nam a2200289 a 4500 | ||
|---|---|---|---|
| 005 | 20140310182409.0 | ||
| 008 | 081022s19uu xx 00 eng d | ||
| 020 | _a9719222158 | ||
| 050 |
_aLB 2326 _b.T161 2004 |
||
| 100 | _aTan, Genevieve Ledesma | ||
| 245 |
_aAn educational institutional culture manual / _cGenevieve Ledesma-Tan, Benito L. Teehankee. |
||
| 260 |
_aLas Pinas City : _bSISC, _cc2004. |
||
| 300 |
_avii, 137 p. ; _bill. col. ; _c22 cm. |
||
| 650 |
_aEducational institutions _xCulture manual. |
||
| 650 |
_aEducational institutions _xReference Manual. |
||
| 700 | _aTeehankee, Benito L. | ||
| 942 |
_cBK _2lcc |
||
| 999 |
_c12790 _d12790 |
||